ARRUPE JESUIT UNIVERSITY

CORONAVIRUS -STOP THE SPREAD - CLEAN,DISINFECT,COVER

Old Possum's Book of Practical Cats (Record no. 123559)

MARC details
000 -LEADER
fixed length control field 00933cam a22002892 b4500
001 - CONTROL NUMBER
control field 11279332
003 - CONTROL NUMBER IDENTIFIER
control field ARRUPE
005 - DATE AND TIME OF LATEST TRANSACTION
control field 20151020145027.0
006 - FIXED-LENGTH DATA ELEMENTS--ADDITIONAL MATERIAL CHARACTERISTICS--GENERAL INFORMATION
fixed length control field m d
007 - PHYSICAL DESCRIPTION FIXED FIELD--GENERAL INFORMATION
fixed length control field cr n
008 - FIXED-LENGTH DATA ELEMENTS--GENERAL INFORMATION
fixed length control field 150301e19390101xxka s|||||||| 2|eng|d
020 ## - INTERNATIONAL STANDARD BOOK NUMBER
International Standard Book Number 0571045782 (UKB Format Paperback)
Terms of availability CND 12.99 Retail Price (Penguin Group (Canada))
020 ## - INTERNATIONAL STANDARD BOOK NUMBER
International Standard Book Number 9780571045785
024 3# - OTHER STANDARD IDENTIFIER
Standard number or code 9780571045785
035 ## - SYSTEM CONTROL NUMBER
System control number (WaSeSS)ssib018708218
037 ## - SOURCE OF ACQUISITION
Source of stock number/acquisition 00307008
040 ## - CATALOGING SOURCE
Original cataloging agency BIP Canadian
Modifying agency WaSeSS
Transcribing agency Arrupe
082 00 - DEWEY DECIMAL CLASSIFICATION NUMBER
Classification number 821.912
Edition number 21
100 1# - MAIN ENTRY--PERSONAL NAME
Personal name Eliot, T. S.
Dates associated with a name 1888-1965
Relator term Author
9 (RLIN) 20381
245 10 - TITLE STATEMENT
Title Old Possum's Book of Practical Cats
Statement of responsibility, etc Eliot, Thomas Sterns
260 ## - PUBLICATION, DISTRIBUTION, ETC. (IMPRINT)
Place of publication, distribution, etc London :
Name of publisher, distributor, etc Faber & Faber,
Date of publication, distribution, etc 1967
506 ## - RESTRICTIONS ON ACCESS NOTE
Terms governing access License restrictions may limit access.
700 ## - ADDED ENTRY--PERSONAL NAME
Personal name Bentley, Nicolas ill.
9 (RLIN) 20382
773 #0 - HOST ITEM ENTRY
Title Literature Online (LION)
910 ## - USER-OPTION DATA (OCLC)
User-option data Bowker Global Books in Print record
942 ## - ADDED ENTRY ELEMENTS (KOHA)
Source of classification or shelving scheme Library of Congress Classification
Koha item type Monograph ( Printed materials)
Holdings
Withdrawn status Lost status Source of classification or shelving scheme Damaged status Not for loan Collection code Home library Current library Shelving location Date acquired Total Checkouts Full call number Barcode Date last seen Price effective from Koha item type
    Library of Congress Classification     Main Collection ARRUPE LIBRARY ARRUPE LIBRARY Main Collection 20/10/2015   PS3509.L43 O6 46500005194 20/10/2015 20/10/2015 Monograph ( Printed materials)

 

Arrupe Library. PO Box MP320 Mt Pleasant, Harare, Zimbabwe
263 242 745411|librarian@aju.ac.zw